100 mẫu sơ yếu lý lịch tiếng Pháp cho người tìm việc làm = 100 modèles de C. V

Sách đề cập đến vài nguyên tắc sơ đẳng để soạn thảo một sơ yếu lý lịch: cơ quan nhận sơ yếu lý lịch, cách trình bày một sơ yếu lý lịch, nội dung bản sơ yếu lý lịch, thư gửi kèm, thư thăm dò,......

Deskribapen osoa

Gorde:
Xehetasun bibliografikoak
Egile nagusia: Bras, Florence Le
Formatua: Liburua
Hizkuntza:Undetermined
Argitaratua: Hà Nội Thống kê 2001
Gaiak:
Etiketak: Etiketa erantsi
Etiketarik gabe, Izan zaitez lehena erregistro honi etiketa jartzen!
Thư viện lưu trữ: Trung tâm Học liệu Trường Đại học Cần Thơ
LEADER 01088nam a2200229Ia 4500
001 CTU_92940
008 210402s9999 xx 000 0 und d
020 |c 40000 
082 |a 808.6 
082 |b B823 
100 |a Bras, Florence Le 
245 0 |a 100 mẫu sơ yếu lý lịch tiếng Pháp cho người tìm việc làm = 
245 0 |b 100 modèles de C. V 
245 0 |c Florence Le Bras ; Ánh Nga (sưu tập và biên dịch) 
260 |a Hà Nội 
260 |b Thống kê 
260 |c 2001 
520 |a Sách đề cập đến vài nguyên tắc sơ đẳng để soạn thảo một sơ yếu lý lịch: cơ quan nhận sơ yếu lý lịch, cách trình bày một sơ yếu lý lịch, nội dung bản sơ yếu lý lịch, thư gửi kèm, thư thăm dò,... 
650 |a French language,Letter writing,Technical correspondence,Tiếng Pháp,Viết thư 
650 |x Writing,Viết 
904 |i Trúc, QHieu 
980 |a Trung tâm Học liệu Trường Đại học Cần Thơ